[Event "SVK-chT1W 1819"]
[Site "Slovakia"]
[Date "2019.01.12"]
[Round "5.7"]
[White "Vadila, Ondrej"]
[Black "Sulek, Viliam"]
[Result "1-0"]
[WhiteElo "2078"]
[BlackElo "1996"]
[PlyCount "63"]
[EventDate "2018.10.27"]
[EventType "team-tourn"]
[EventRounds "11"]
[EventCountry "SVK"]
[SourceTitle "CBM 188 Extra"]
[Source "ChessBase"]
[SourceDate "2019.02.26"]
[SourceVersion "1"]
[SourceVersionDate "2019.02.26"]
[SourceQuality "1"]
[WhiteTeam "Bratislava Slovan III"]
[BlackTeam "Bratislava Slovan II"]
[WhiteTeamCountry "SVK"]
[BlackTeamCountry "SVK"]

1. d4 Nf6 2. Bf4 g6 3. Nc3 d5 4. f3 Bg7 5. e4 c6 6. Qd2 dxe4 7. fxe4 b5 8. e5 Nd5 9. Nxd5 Qxd5 10. Nf3 h6 11. Be2 Bf5 12. 0-0 Nd7 13. b3 Nb6 14. Rac1 Rd8 15. Rfd1 Qe6 16. c4 g5 17. Be3 g4 18. Nh4 Bxe5 19. Nxf5 Qxf5 20. Bd3 Bxh2+ 21. Kxh2 g3+ 22. Kg1 Qh5 23. Be4 Rd6 24. Bf4 Qh2+ 25. Kf1 Re6 26. Be5 Rg8 27. cxb5 Rg4 28. Bf3 Nd5 29. Bxg4 Qh1+ 30. Ke2 Qxg2+ 31. Kd3 Nf4+ 32. Qxf4 1-0

[Event "SVK-chT1W 1819"]
[Site "Slovakia"]
[Date "2018.11.25"]
[Round "4.5"]
[White "Nagy, Attila2222"]
[Black "Sulek, Viliam"]
[Result "1/2-1/2"]
[WhiteElo "2070"]
[BlackElo "2024"]
[PlyCount "68"]
[EventDate "2018.10.27"]
[EventType "team-tourn"]
[EventRounds "11"]
[EventCountry "SVK"]
[SourceTitle "CBM 187 Extra"]
[Source "ChessBase"]
[SourceDate "2018.11.04"]
[SourceVersion "1"]
[SourceVersionDate "2018.11.04"]
[SourceQuality "1"]
[WhiteTeam "Sala Slovan Duslo"]
[BlackTeam "Bratislava Slovan II"]
[WhiteTeamCountry "SVK"]
[BlackTeamCountry "SVK"]

1. c4 Nf6 2. Nc3 d5 3. cxd5 Nxd5 4. g3 g6 5. Bg2 Nxc3 6. bxc3 Bg7 7. Rb1 Nd7 8. h4 Nb6 9. h5 Bd7 10. Qc2 Ba4 11. Qb2 Rb8 12. Rh4 Qd7 13. Qa3 Bc6 14. Bxc6 Qxc6 15. hxg6 hxg6 16. Rxh8+ Bxh8 17. Nf3 a6 18. Qb4 Bf6 19. Qf4 Nc4 20. Kf1 b5 21. e4 e5 22. Qg4 Rd8 23. d4 Qe6 24. Qxe6+ fxe6 25. Be3 exd4 26. cxd4 c6 27. Ke2 a5 28. e5 Be7 29. Rh1 a4 30. Rh8+ Kf7 31. Rh7+ Kf8 32. Bh6+ Ke8 33. Rh8+ Kf7 34. Rh7+ Ke8 1/2-1/2

[Event "SVK-chT2A 1516"]
[Site "Slovakia"]
[Date "2016.02.13"]
[Round "8.5"]
[White "Sulek, Viliam"]
[Black "Nemsak, Denis"]
[Result "0-1"]
[WhiteElo "2087"]
[BlackElo "2107"]
[PlyCount "88"]
[EventDate "2015.10.17"]
[EventType "team-tourn"]
[EventRounds "11"]
[EventCountry "SVK"]
[SourceTitle "EXT 2017"]
[Source "ChessBase"]
[SourceDate "2016.10.25"]
[SourceVersion "1"]
[SourceVersionDate "2016.10.25"]
[SourceQuality "1"]
[WhiteTeam "Bratislava Slovan IV"]
[BlackTeam "Bratislava Doprastav II"]
[WhiteTeamCountry "SVK"]
[BlackTeamCountry "SVK"]

1. e4 d5 2. exd5 Nf6 3. d4 Nxd5 4. c4 Nb6 5. Nf3 g6 6. Be2 Bg7 7. h3 0-0 8. 0-0 Nc6 9. Nc3 Nxd4 10. Nxd4 Bxd4 11. Qb3 c6 12. a4 e5 13. Bh6 Re8 14. Rad1 Nd7 15. Qc2 Nc5 16. Bg4 Bxg4 17. hxg4 Qh4 18. g5 a5 19. Rfe1 Rad8 20. Re2 e4 21. Nd5 Nd3 22. Ne3 Qf4 23. Rf1 Nxf2 24. Qc1 Bxe3 25. Rxe3 Rd3 26. Rfe1 Ng4 27. Rxd3 Qh2+ 28. Kf1 Qh1+ 29. Ke2 exd3+ 30. Kd2 Qxg2+ 31. Kc3 Rd8 32. Qd2 Qxd2+ 33. Kxd2 Nxh6 34. gxh6 Kf8 35. Re5 f5 36. Rxa5 f4 37. Re5 Kf7 38. Re4 g5 39. c5 Kg6 40. Re6+ Kh5 41. b4 g4 42. Re7 Kxh6 43. Rxb7 g3 44. Re7 f3 0-1

[Event "SVK-chT1W 1516"]
[Site "Slovakia"]
[Date "2015.11.14"]
[Round "3.5"]
[White "Jablonicky, Frantisek"]
[Black "Sulek, Viliam"]
[Result "0-1"]
[WhiteElo "2128"]
[BlackElo "2044"]
[PlyCount "66"]
[EventDate "2015.10.24"]
[EventType "team-tourn"]
[EventRounds "11"]
[EventCountry "SVK"]
[SourceTitle "CBM 170 Extra"]
[Source "ChessBase"]
[SourceDate "2016.02.25"]
[SourceVersion "1"]
[SourceVersionDate "2016.02.25"]
[SourceQuality "1"]
[WhiteTeam "Osuske"]
[BlackTeam "Bratislava Slovan II"]
[WhiteTeamCountry "SVK"]
[BlackTeamCountry "SVK"]

1. Nf3 Nf6 2. d4 g6 3. c4 Bg7 4. Nc3 d5 5. Qb3 dxc4 6. Qxc4 0-0 7. h3 c6 8. e4 b5 9. Qd3 Na6 10. Be2 b4 11. Nd1 c5 12. e5 Nd5 13. Ne3 Nac7 14. dxc5 Ba6 15. Qe4 Bb7 16. Nxd5 Nxd5 17. Be3 Qc7 18. Bd4 Rad8 19. Qh4 f6 20. exf6 exf6 21. 0-0 Kh8 22. Rfd1 Nf4 23. Bf1 g5 24. Qg3 Rfe8 25. Be3 Rxd1 26. Rxd1 Rxe3 27. Nxg5 Rxg3 28. Rd8+ Qxd8 29. Nf7+ Kg8 30. Nxd8 Rxg2+ 31. Bxg2 Bxg2 32. c6 Bxh3 33. c7 Nd5 0-1

[Event "SVK-chT2A 1516"]
[Site "Slovakia"]
[Date "2015.10.18"]
[Round "2.4"]
[White "Nicolini, Alexander"]
[Black "Sulek, Viliam"]
[Result "1/2-1/2"]
[WhiteElo "2148"]
[BlackElo "2087"]
[PlyCount "65"]
[EventDate "2015.10.17"]
[EventType "team-tourn"]
[EventRounds "11"]
[EventCountry "SVK"]
[SourceTitle "CBM 169 Extra"]
[Source "ChessBase"]
[SourceDate "2015.12.18"]
[SourceVersion "1"]
[SourceVersionDate "2015.12.18"]
[SourceQuality "1"]
[WhiteTeam "Trnava Lokomotiva II"]
[BlackTeam "Bratislava Slovan IV"]
[WhiteTeamCountry "SVK"]
[BlackTeamCountry "SVK"]

1. e4 c5 2. Nf3 Nc6 3. c3 d5 4. exd5 Qxd5 5. d4 cxd4 6. cxd4 e5 7. Nc3 Bb4 8. Bd2 Bxc3 9. Bxc3 e4 10. Ne5 Nxe5 11. dxe5 Ne7 12. Qa4+ Bd7 13. Qa3 Qe6 14. Rd1 0-0 15. Rd6 Qf5 16. Be2 Be6 17. 0-0 Ng6 18. Bd4 h5 19. Re1 h4 20. f3 h3 21. fxe4 Qxe4 22. Qf3 Qh4 23. Qg3 Rfc8 24. Bd3 Qxg3 25. hxg3 Ne7 26. Be4 Nc6 27. Bc3 hxg2 28. a3 Rab8 29. Kxg2 Ne7 30. Red1 Nf5 31. R6d3 b6 32. Kf3 g6 33. R1d2 1/2-1/2

[Event "SVK-chT1W 1415"]
[Site "Slovakia"]
[Date "2015.02.28"]
[Round "8.6"]
[White "Sulek, Viliam"]
[Black "Kosar, Mikulas1111"]
[Result "1-0"]
[WhiteElo "2043"]
[BlackElo "1820"]
[PlyCount "51"]
[EventDate "2014.10.18"]
[EventType "team-tourn"]
[EventRounds "11"]
[EventCountry "SVK"]
[SourceTitle "EXT 2016"]
[Source "ChessBase"]
[SourceDate "2015.10.08"]
[SourceVersion "1"]
[SourceVersionDate "2015.10.08"]
[SourceQuality "1"]
[WhiteTeam "Bratislava Slovan III"]
[BlackTeam "Gabcikovo Russel"]
[WhiteTeamCountry "SVK"]
[BlackTeamCountry "SVK"]

1. e4 e5 2. Nf3 Nf6 3. Nxe5 d6 4. Nf3 Nxe4 5. Nc3 Nxc3 6. dxc3 Bg4 7. Be3 Be7 8. Qd2 Nd7 9. 0-0-0 Nf6 10. Bd3 Nd5 11. Bb5+ c6 12. Qxd5 cxb5 13. Qxb5+ Qd7 14. Qxd7+ Bxd7 15. Bf4 Rc8 16. Rhe1 Be6 17. Bxd6 Bf6 18. Nd4 Bxd4 19. Rxd4 Rd8 20. f4 g6 21. g4 Rxd6 22. Rxd6 Ke7 23. Rd4 Kf6 24. g5+ Kg7 25. Rxe6 fxe6 26. Rd7+ 1-0

[Event "Piestany op"]
[Site "Piestany"]
[Date "2014.11.17"]
[Round "4"]
[White "Sulek, Viliam"]
[Black "Komlosi, Frantisek"]
[Result "1-0"]
[WhiteElo "2043"]
[BlackElo "1892"]
[PlyCount "75"]
[EventDate "2014.11.15"]
[EventType "swiss"]
[EventRounds "8"]
[EventCountry "SVK"]
[SourceTitle "EXT 2023"]
[Source "ChessBase"]
[SourceDate "2022.10.05"]
[SourceVersion "1"]
[SourceVersionDate "2022.10.05"]
[SourceQuality "1"]

1. e4 d6 2. d4 Nf6 3. Nc3 Nbd7 4. f4 e6 5. e5 Nd5 6. Nxd5 exd5 7. Nf3 dxe5 8. dxe5 Nb6 9. Be3 Bg4 10. h3 Bf5 11. Qd2 c6 12. 0-0-0 Be4 13. Ng5 Be7 14. e6 Bxg5 15. exf7+ Kxf7 16. fxg5 Re8 17. h4 Nd7 18. h5 Qe7 19. g6+ Kg8 20. Bg5 Qe6 21. gxh7+ Kxh7 22. h6 g6 23. Bd3 Nc5 24. Rdf1 Nxd3+ 25. cxd3 Bf5 26. Qb4 Qd7 27. Qd4 c5 28. Qf4 Rf8 29. Qd2 Rae8 30. a3 d4 31. Rf2 b6 32. Rhf1 Rg8 33. g4 Be6 34. Rf6 Qd5 35. Qf4 Qa2 36. Rf7+ Bxf7 37. Qxf7+ Qxf7 38. Rxf7+ 1-0

[Event "Bratislava Slovan op"]
[Site "Bratislava"]
[Date "2014.04.30"]
[Round "6"]
[White "Hornak, Pavol"]
[Black "Sulek, Viliam"]
[Result "0-1"]
[WhiteElo "1752"]
[BlackElo "2033"]
[PlyCount "70"]
[EventDate "2014.04.26"]
[EventType "swiss"]
[EventRounds "9"]
[EventCountry "SVK"]
[SourceTitle "CBM 160 Extra"]
[Source "ChessBase"]
[SourceDate "2014.07.01"]
[SourceVersion "1"]
[SourceVersionDate "2014.07.01"]
[SourceQuality "1"]

1. d4 Nf6 2. c4 g6 3. Nc3 d5 4. cxd5 Nxd5 5. e4 Nxc3 6. bxc3 Bg7 7. Bc4 0-0 8. Nf3 c5 9. 0-0 cxd4 10. cxd4 Nc6 11. Be3 Bg4 12. e5 Rc8 13. Bb3 Na5 14. Rc1 Rxc1 15. Qxc1 Nxb3 16. axb3 Bxf3 17. gxf3 Qd5 18. Qa3 e6 19. f4 h5 20. h3 Rc8 21. Qb2 b5 22. Rc1 Rxc1+ 23. Bxc1 Qf3 24. Kh2 Bh6 25. f5 Bxc1 26. Qxc1 Qxf2+ 27. Kh1 Qxf5 28. Qc8+ Kg7 29. Qd8 Qxh3+ 30. Kg1 Qg3+ 31. Kh1 Qf3+ 32. Kg1 Qf4 33. d5 Qd4+ 34. Kf1 Qxd5 35. Qf6+ Kg8 0-1

[Event "Bratislava Slovan op"]
[Site "Bratislava"]
[Date "2014.04.29"]
[Round "5"]
[White "Sulek, Viliam"]
[Black "Vrtiakova, Anna"]
[Result "1/2-1/2"]
[WhiteElo "2033"]
[BlackElo "1767"]
[PlyCount "59"]
[EventDate "2014.04.26"]
[EventType "swiss"]
[EventRounds "9"]
[EventCountry "SVK"]
[SourceTitle "CBM 160 Extra"]
[Source "ChessBase"]
[SourceDate "2014.07.01"]
[SourceVersion "1"]
[SourceVersionDate "2014.07.01"]
[SourceQuality "1"]

1. e4 c5 2. Nf3 d6 3. d4 cxd4 4. c3 d3 5. Bxd3 e6 6. 0-0 Nf6 7. Bg5 Be7 8. Nbd2 0-0 9. Qe2 Qc7 10. Rad1 Nbd7 11. Rfe1 a6 12. Nb3 b5 13. Bb1 Bb7 14. Nfd4 Nc5 15. f3 Rac8 16. Qf2 Nxb3 17. axb3 Rfe8 18. Be3 Bf8 19. Bg5 Be7 20. Qd2 h6 21. Be3 Nd7 22. Kh1 d5 23. exd5 Bxd5 24. Bxh6 gxh6 25. Qxh6 Nf8 26. f4 Bd6 27. Qg5+ Ng6 28. f5 Bf4 29. Qg4 exf5 30. Bxf5 1/2-1/2

[Event "Bratislava Slovan op"]
[Site "Bratislava"]
[Date "2013.05.03"]
[Round "8"]
[White "Dolnak, Michal"]
[Black "Sulek, Viliam"]
[Result "1/2-1/2"]
[WhiteElo "2139"]
[BlackElo "2070"]
[PlyCount "133"]
[EventDate "2013.04.27"]
[EventType "swiss"]
[EventRounds "9"]
[EventCountry "SVK"]
[SourceTitle "EXT 2023"]
[Source "ChessBase"]
[SourceDate "2022.10.05"]
[SourceVersion "1"]
[SourceVersionDate "2022.10.05"]
[SourceQuality "1"]

1. d4 Nf6 2. c4 g6 3. Nf3 Bg7 4. Nc3 d5 5. Qb3 dxc4 6. Qxc4 0-0 7. e4 c6 8. Be2 b5 9. Qb3 Be6 10. Qc2 a5 11. 0-0 Na6 12. Bf4 Nb4 13. Qd2 Qb6 14. Bh6 Rfd8 15. Bxg7 Kxg7 16. Rfd1 h6 17. e5 Nd7 18. Qf4 Nd5 19. Qh4 Nxc3 20. bxc3 Re8 21. a3 Qc7 22. Qg3 Nb6 23. Bd3 Nd5 24. Rdc1 b4 25. axb4 axb4 26. Rxa8 Rxa8 27. cxb4 Nxb4 28. Be4 Bd5 29. Qf4 Qd7 30. h4 Bxe4 31. Qxe4 Qd5 32. Qb1 Qa5 33. h5 Nd5 34. hxg6 Nf4 35. Rxc6 Qd5 36. Rc5 Qe6 37. Nh2 fxg6 38. Qd1 Ra2 39. Rc2 Ra3 40. Qc1 Rc3 41. Qd2 Qc6 42. Qxf4 Rxc2 43. Ng4 g5 44. Qg3 Qe4 45. Qa3 Rc7 46. Ne3 g4 47. g3 Rb7 48. Kh2 h5 49. e6 Qf3 50. Qc5 Qxf2+ 51. Ng2 Qf6 52. d5 Rb2 53. d6 exd6 54. Qxd6 Re2 55. Qd7+ Kh6 56. Qd3 Qxe6 57. Qd4 Qe4 58. Qf6+ Qg6 59. Qh8+ Kg5 60. Qd8+ Qf6 61. Qg8+ Kh6 62. Qc4 Rxg2+ 63. Kxg2 Qf3+ 64. Kh2 Qf2+ 65. Kh1 Qxg3 66. Qe6+ Kg5 67. Qf5+ 1/2-1/2

[Event "SVK-chT1W 1213"]
[Site "Slovakia"]
[Date "2013.02.24"]
[Round "9.6"]
[White "Voros, Gellert"]
[Black "Sulek, Viliam"]
[Result "1-0"]
[WhiteElo "2042"]
[BlackElo "2062"]
[PlyCount "33"]
[EventDate "2012.10.20"]
[EventType "team-tourn"]
[EventRounds "11"]
[EventCountry "SVK"]
[SourceTitle "EXT 2015"]
[Source "ChessBase"]
[SourceDate "2014.11.20"]
[SourceVersion "1"]
[SourceVersionDate "2014.11.20"]
[SourceQuality "1"]
[WhiteTeam "Komarno"]
[BlackTeam "Bratislava Slovan II"]
[WhiteTeamCountry "SVK"]
[BlackTeamCountry "SVK"]

1. e4 c5 2. c3 d5 3. exd5 Qxd5 4. d4 Nf6 5. Nf3 Bg4 6. Be2 e6 7. 0-0 Nc6 8. h3 Bh5 9. Be3 cxd4 10. cxd4 Be7 11. Nc3 Qa5 12. a3 0-0 13. b4 Qd8 14. Qb3 Rc8 15. Rac1 Bd6 16. Rfd1 Ne7 17. Bg5 1-0